000
00250nam a2200085Ia 4500
245
0
_a
The complete guide to taking great photographs
100
_a
Freeman, John New York, 2004
_9
102070
942
_c
BK
008
210818s9999 xx 000 0 und d
999
_c
442972
_d
442971